000 00562nam a2200205Ia 4500
008 241004s9999 xx 000 0 und d
020 _a9781474254373
037 _aTextbook
040 _aARTS
_beng
_cARTS
041 _aeng
_2eng
084 _aL.6 R1
_qARTS
100 _aLee Rebekah Au.
_9724626
245 _aHealth, healing and illness in African history
_cLee Rebekah Au.
260 _aUK
_b Bloomsbury
_c2022
300 _axvii,257p.
365 _aUKP
_b21.99
650 _aMedicine
942 _cTB
_hL.6 R1
999 _c1218772
_d1218772